000 00205 a2200097 4500
001 9554
100 _aZuckerman, S
245 _aScientists and War
260 _a
_bHamish Hamilton
_c
090 _c7596
_d7596
942 _aNUST-CAE
_cM
_c34262
999 _c244627
_d244627